00586 2200229 4500001002100000005001500021035002000036245006100056100001700117250000600134300003500140700001200175260003700187082000800224084001400232020002200246650002000268990001700288990001700305990001700322990001700339INLIS00000000000104620190412044626 a0010-04190000551 aRaihlah Bintang-Bintang /cSakti Wibowo; Editor, Triyani0 aSakti Wibowo a- avi, 72 hlm. :bilus. ;c25 cm.0 aTriyani aJakarta :bNobel Edumedia,c2008 a813 a813 SAK r a978-602-8219-23-0 aFiksi Indonesia a03834/P/2018 a03835/P/2018 a03836/P/2018 a03837/P/2018